Complete Hockey Hall of Fame - Statistics

General Stats
  • This quiz has been taken 769 times
  • The average score is 78 of 284
Answer Stats
Hint Answer % Correct
1999 Wayne Gretzky
96%
1997 Mario Lemieux
83%
1972 Gordie Howe
81%
1979 Bobby Orr
80%
1979 Henri Richard
80%
2011 Mark Howe
80%
1961 Maurice Richard
80%
1965 Syd Howe
80%
1983 Bobby Hull
77%
2009 Brett Hull
77%
2006 Patrick Roy
76%
2007 Mark Messier
75%
1984 Phil Esposito
69%
1988 Guy Lafleur
68%
2018 Martin Brodeur
68%
2012 Joe Sakic
67%
2017 Teemu Selänne
67%
1988 Tony Esposito
67%
2009 Steve Yzerman
66%
2014 Dominik Hašek
63%
2001 Jari Kurri
63%
2014 Mike Modano
62%
1961 Milt Schmidt
61%
2004 Ray Bourque
61%
1987 Bobby Clarke
60%
1991 Mike Bossy
59%
2004 Paul Coffey
59%
2012 Mats Sundin
58%
2012 Pavel Bure
58%
2014 Peter Forsberg
58%
1992 Marcel Dionne
57%
2015 Sergei Fedorov
57%
2003 Grant Fuhr
56%
2015 Nicklas Lidström
56%
1983 Stan Mikita
56%
1978 Jacques Plante
54%
1972 Jean Béliveau
54%
1997 Bryan Trottier
53%
1983 Ken Dryden
52%
2009 Luc Robitaille
52%
2013 Chris Chelios
51%
2016 Eric Lindros
51%
2014 Rob Blake
51%
2000 Denis Savard
50%
1975 Glenn Hall
50%
1995 Larry Robinson
50%
1986 Serge Savard
50%
1966 Toe Blake
50%
1962 Alf Smith
49%
1993 Billy Smith
49%
2009 Brian Leetch
49%
1991 Clint Smith
49%
1991 Denis Potvin
49%
2008 Glenn Anderson
49%
1972 Hooley Smith
49%
1961 Joe Hall
49%
1973 Tommy Smith
49%
2001 Dale Hawerchuk
47%
1981 Johnny Bucyk
47%
2007 Ron Francis
47%
2011 Ed Belfour
46%
2013 Scott Niedermayer
46%
2007 Scott Stevens
46%
1992 Lanny McDonald
45%
1971 Terry Sawchuk
45%
1990 Gilbert Perreault
44%
2018 Martin St. Louis
44%
2015 Chris Pronger
43%
1945 Howie Morenz
43%
2001 Mike Gartner
43%
2003 Pat LaFontaine
43%
2007 Al MacInnis
42%
2013 Brendan Shanahan
42%
1989 Darryl Sittler
42%
1945 Georges Vézina
42%
2017 Paul Kariya
42%
1984 Bernie Parent
41%
1996 Börje Salming
41%
2011 Doug Gilmour
41%
1998 Peter Šťastný
41%
1958 Ching Johnson
40%
1973 Doug Harvey
40%
1952 Moose Johnson
40%
1977 Tim Horton
40%
1970 Tom Johnson
40%
1963 Billy Gilmour
39%
1988 Brad Park
39%
1981 Frank Mahovlich
39%
2011 Joe Nieuwendyk
39%
1972 Bernie Geoffrion
38%
2005 Cam Neely
38%
2017 Dave Andreychuk
38%
1966 Ted Lindsay
38%
1982 Yvan Cournoyer
38%
1977 Alex Delvecchio
37%
1976 Johnny Bower
37%
1947 Eddie Shore
36%
1992 Bob Gainey
35%
2008 Igor Larionov
35%
1969 Red Kelly
35%
2012 Adam Oates
34%
1986 Dave Keon
33%
2010 Dino Ciccarelli
33%
1966 Elmer Lach
33%
1982 Rod Gilbert
33%
1989 Vladislav Tretiak
33%
1990 Bill Barber
32%
1974 Dickie Moore
32%
1983 Jacques Lemaire
32%
2017 Mark Recchi
32%
1998 Michel Goulet
32%
2015 Phil Housley
32%
1993 Steve Shutt
32%
1985 Jean Ratelle
31%
2019 Sergei Zubov
31%
1961 Syl Apps
31%
1969 Bryan Hextall
30%
1985 Gerry Cheevers
30%
1993 Guy Lapointe
30%
2000 Joe Mullen
30%
1947 Cyclone Taylor
29%
1969 Sid Abel
29%
1967 Turk Broda
29%
2002 Clark Gillies
28%
2001 Viacheslav Fetisov
28%
1978 Andy Bathgate
27%
1963 Phat Wilson
27%
2016 Rogie Vachon
27%
2002 Bernie Federko
26%
1961 Charlie Conacher
26%
1980 Gump Worsley
26%
1958 King Clancy
26%
2004 Larry Murphy
26%
1994 Lionel Conacher
26%
1998 Roy Conacher
26%
1959 Tiny Thompson
26%
2019 Guy Carbonneau
25%
2016 Sergei Makarov
25%
1966 Ted Kennedy
25%
1971 Busher Jackson
24%
1966 Émile Bouchard
24%
2002 Rod Langway
24%
1975 George Armstrong
23%
1982 Norm Ullman
23%
1975 Ace Bailey
22%
1971 Gordon Roberts
22%
1950 Joe Malone
22%
1947 Aurèle Joliat
21%
1964 Bill Durnan
21%
1964 Doug Bentley
21%
1987 Eddie Giacomin
21%
1966 Max Bentley
21%
1975 Pierre Pilote
21%
1947 Dit Clapper
20%
1950 Newsy Lalonde
19%
1959 Jack Adams
18%
1947 Lester Patrick
18%
1980 Lynn Patrick
18%
1996 Bobby Bauer
17%
1961 George Hainsworth
17%
1979 Harry Howell
17%
1945 Hobey Baker
17%
1964 Black Jack Stewart
16%
1961 Hap Day
16%
2019 Hayley Wickenheiser
16%
1958 Herb Gardiner
16%
1978 Marcel Pronovost
16%
1952 Nels Stewart
16%
1981 Allan Stanley
15%
1949 Art Ross
15%
1963 Barney Stanley
15%
1952 Bill Cook
15%
1995 Bun Cook
15%
1987 Jacques Laperrière
15%
1963 Shorty Green
15%
1945 Charlie Gardiner
14%
2006 Dick Duff
14%
1966 Frank Brimsek
14%
1989 Herbie Lewis
14%
2005 Valeri Kharlamov
14%
1980 Harry Lumley
13%
2010 Angela James
12%
1963 Harry E. Watson
12%
1994 Harry P. Watson
12%
1968 Bill Cowley
11%
1965 Bill Mosienko
11%
1991 Bob Pulford
11%
2010 Cammi Granato
11%
1945 Harvey Pulford
11%
1969 Roy Worters
11%
1964 Babe Siebert
10%
1947 Frank Nighbor
10%
1963 Joe Primeau
10%
1986 Leo Boivin
10%
1958 Sprague Cleghorn
10%
1992 Woody Dumart
10%
1966 Babe Pratt
9%
1976 Bill Quackenbush
9%
1960 Buck Boucher
9%
1988 Buddy O'Connor
9%
1958 Dick Irvin
9%
1963 Didier Pitre
9%
1958 Frank Boucher
9%
1950 George Richardson
9%
2019 Václav Nedomanský
9%
1950 Allan Davidson
8%
1970 Bill Gadsby
8%
1963 Bullet Joe Simpson
8%
1959 Cy Denneny
8%
1963 Earl Seibert
8%
1958 George Hay
8%
1972 Hap Holmes
8%
1963 Jack Laviolette
8%
1950 Mike Grant
8%
1961 Oliver Seibert
8%
1960 Sylvio Mantha
8%
1970 Babe Dye
7%
1985 Bert Olmstead
7%
1973 Chuck Rayner
7%
1965 Clint Benedict
7%
1965 Jack Marshall
7%
1960 Jack Walker
7%
1963 Jimmy Gardner
7%
1945 Tommy Phillips
7%
1958 Alec Connell
6%
2018 Alexander Yakushev
6%
1961 Bruce Stuart
6%
1971 Cooney Weiland
6%
2017 Danielle Goyette
6%
2013 Geraldine Heaney
6%
1975 Gordie Drillon
6%
1963 Harry Cameron
6%
1945 Hod Stuart
6%
2018 Jayna Hefford
6%
1966 Ken Reardon
6%
1963 Rusty Crawford
6%
1974 Billy Burch
5%
1963 Ebbie Goodfellow
5%
1990 Fernie Flaman
5%
1945 Frank McGee
5%
1950 Graham Drinkwater
5%
1965 Marty Barry
5%
1963 Marty Walsh
5%
1958 Paddy Moran
5%
1962 Punch Broadbent
5%
1965 Red Horner
5%
1947 Russell Bowie
5%
1962 Sweeney Schriner
5%
2015 Angela Ruggiero
4%
1974 Art Coulter
4%
1965 Blair Russel
4%
1949 Dan Bain
4%
1952 Dickie Boon
4%
1958 Duke Keats
4%
1945 Eddie Gerard
4%
1967 Neil Colville
4%
1958 Red Dutton
4%
1962 Reg Noble
4%
1962 Steamer Maxwell
4%
1963 Bouse Hutton
3%
1993 Edgar Laprade
3%
1958 Frank Frederickson
3%
1962 Harry Hyland
3%
1967 Harry Oliver
3%
1950 Harry Trihey
3%
1958 Hughie Lehman
3%
1963 Jack Darragh
3%
1952 Mickey MacKay
3%
1961 Percy LeSueur
3%
1963 Riley Hern
3%
1950 Silas Griffis
3%
1963 Tom Hooper
3%
1974 Tommy Dunderdale
3%
1963 Billy McGimsie
2%
1965 Ernie Russell
2%
1958 Frank Foyston
2%
1961 Frank Rankin
2%
1963 Frederick Whitcroft
2%
1965 Fred Scanlan
2%
1958 George McNamara
2%
1963 Jack Ruttan
2%
1952 Moose Goheen
2%
1963 Rat Westwick
2%
1965 Arthur Farrell
1%
No matching quizzes found
Score Distribution
Percent of People with Each Score
Percentile by Number Answered
Your Score History
You have not taken this quiz